| 000 | 00477pam a2200169 a 4500 | ||
|---|---|---|---|
| 020 | _a0472100769 (alk. paper) : | ||
| 040 | _cDLC | ||
| 082 | 0 | 0 | _a427 UMP 1987 C151 Or. |
| 100 | 1 | _aCarver, Craig M., | |
| 245 | 1 | 0 |
_aAmerican regional dialects : _ba word geography / |
| 260 |
_aAnn Arbor : _bUniversity of Michigan Press, _cc1987. |
||
| 300 |
_axiii, 317 p. ; _c26 cm. |
||
| 500 | _aIncludes index. | ||
| 650 | 0 | _aEnglish language | |
| 650 | 0 | _aAmericanisms. | |
| 942 | _cAEDBB | ||
| 999 |
_c18715 _d18715 |
||